Statistiques concernant Pays avec le plus d'exécutions

Cliquez ici pour prendre le quiz!

Statistiques générales

  • Ce quiz a été pris 4,317 fois
    (1,427 depuis la dernière actualisation)
  • Le résultat moyen est 9 sur 13

Statistiques - réponses

Nombre Pays % Correct
milliers par anChine
95%
96Etats-Unis
95%
> 2,304Iran
86%
> 607Arabie Saoudite
83%
inconnuCorée du Nord
82%
> 291Irak
80%
> 487Pakistan
69%
25Japon
62%
> 144Égypte
60%
inconnuViêt Nam
45%
inconnuMalaisie
44%
> 76Somalie
39%
29Singapour
22%

Distribution des résultats

Percentile by Number Answered

% des personnes avec chaque résultat

Votre développement - résultats

Vous n’avez pas pris ce quiz depuis la dernière actualisation